00309 a2200133 450000100060000002000150000604000220002110000210004324000370006424500320010130000070013336200090014065000260014961308 a8526252383 cAnchieta - Pituba aUrata, Nelson S.10aPoesia marginal dos anos 70lpor10aPoesia marginal dos anos 70 a710 a1995 4aLiteratura brasileira